Political Quotes - Statistics

General Stats
  • This quiz has been taken 19,927 times
    10,132 since last reset
  • The average score is 11 of 20
Answer Stats
Quote Person % Correct
I have a dream Martin Luther King, Jr
92%
Ask not what your country can do for you - ask what you can do for your country John F. Kennedy
89%
Speak softly and carry a big stick Theodore Roosevelt
86%
I am not a crook Richard Nixon
81%
Workers of the world, unite Karl Marx
72%
A house divided against itself cannot stand Abraham Lincoln
69%
An eye for eye only ends up making the whole world blind * Mohandas Gandhi
66%
An appeaser is one who feeds a crocodile - hoping it will eat him last Winston Churchill
66%
Rarely is the question asked: is our children learning? George W. Bush
58%
The tree of liberty must be refreshed from time to time with the blood of patriots and tyrants Thomas Jefferson
49%
I am not an Athenian or a Greek, but a citizen of the world Socrates
48%
Render unto Caesar the things which are Caesar's, and unto God the things that are God's Jesus
44%
Any society that would give up a little liberty to gain a little security will deserve neither and lose both Benjamin Franklin
42%
I took the initiative in creating the Internet Al Gore
39%
The trouble with socialism is that eventually you run out of other people's money Margaret Thatcher
37%
It is far safer to be feared than loved Niccolò Machiavelli
33%
I am the state * Louis XIV
28%
Blood alone moves the wheels of history Benito Mussolini
27%
Reader, suppose you were an idiot. And suppose you were a member of Congress. But I repeat myself. Mark Twain
18%
Power tends to corrupt, and absolute power corrupts absolutely Lord Acton
7%
No matching quizzes found
Score Distribution
Percent of People with Each Score
Percentile by Number Answered
Your Score History
You have not taken this quiz since the last reset